San Francisco : la guía que entiende /

Guardado en:
Detalles Bibliográficos
Autor principal: Wilmot, Howard (autor)
Otros autores: García, Marta (edición) (edición)
Formato: Libro
Idioma:Español
Publicado: Barcelona, España : Océano, 2003, c2003
Colección:(The Pink Paper)
Temas:
Etiquetas: Agrega una etiqueta
Sin etiquetas, Sé el primero en etiquetar este registro!

MARC

LEADER 00000nam^a2200000^a^4500
001 000163517
005 20250521000000.0
009 20260310100911.627
020 |a 84-494-2398-8 
037 |a Acervo ITESO - Biblioteca 
041 |a ESP 
082 |a 917. 304  |b FRA 
100 |a Wilmot, Howard  |e (autor) 
245 1 0 |a San Francisco :  |b la guía que entiende /  |c H. Wilmot ; ed. de M. García ; tr. por Alvaro García. 
264 4 |a Barcelona, España :  |b Océano,  |c 2003, c2003 
300 |a 136 p. 
336 |a texto  |b txt  |2 rdacontenido 
337 |a sin mediación  |b n  |2 rdamedio 
338 |a volumen  |b nc  |2 rdasoporte 
440 5 |a (The Pink Paper) 
649 |a XX 
650 |a Homosexualidad 
650 |a Guías Turísticas 
650 |a Museos y Galerías -  |z San Francisco, EUA 
650 |a Museos y Galerías -  |z EUA 
650 |a Arquitectura -  |z San Francisco, EUA 
650 |a Arquitectura Norteamericana 
650 |a Arte -  |z San Francisco, EUA 
650 |a Arte Norteamericano 
650 |a Ocio y Tiempo Libre -  |z San Francisco, EUA 
650 |a Ocio y Tiempo Libre -  |z EUA 
650 |a Gastronomía -  |z San Francisco, EUA 
650 |a Gastronomía -  |z EUA 
650 |a Cafeterías y Restaurantes -  |z San Francisco, EUA 
650 |a Cafeterías y Restaurantes -  |z EUA 
650 |a Hoteles -  |z San Francisco, EUA 
650 |a Hoteles -  |z EUA 
650 |a Turismo -  |z San Francisco, EUA 
650 |a Turismo -  |z EUA 
650 |a San Francisco, EUA -  |x Descripción -  |x Guías Turísticas 
650 |a EUA -  |x Descripción -  |x Guías Turísticas 
700 |a García, Marta  |e (edición) 
910 |a Fondo General 
920 |a Impresos - Libros 
930 |a Obras de Referencia 
905 |a 102 
901 |a 0500096438  |b IT2  |c REF  |u 20250521 
902 |a https://opac.biblio.iteso.mx/vufind/Record/000163517